[Event "Najdorf Mem Open A"]
[Site "Warsaw POL"]
[Date "2010.07.21"]
[Round "5"]
[White "Solnicki,M"]
[Black "Erzhanov,A"]
[Result "0-1"]
[WhiteElo "2084"]
[BlackElo "2363"]
[EventDate "2010.07.17"]

1. d4 d5 2. c4 c6 3. Nf3 Nf6 4. Qc2 dxc4 5. Qxc4 Bf5 6. Nbd2 Nbd7 7. Nh4
Nb6 8. Qb3 Bg4 9. h3 Be6 10. Qd3 Nbd5 11. e3 g6 12. a3 Bg7 13. Be2 Qd7 14.
Nb3 b6 15. g4 h5 16. g5 Nh7 17. f4 Nf8 18. Bd2 Nc7 19. O-O-O Bd5 20. Rh2
Qe6 21. f5 Qd6 22. Rf2 Qg3 23. Rf4 e5 24. f6 Bh6 25. Re4 Bxg5 26. Rxe5+
Nce6 27. Qc3 Nd7 28. Be1 Qh2 29. Bf3 Nxe5 30. Bxd5 cxd5 31. Nf3 Qe2 32.
Nxg5 Nxg5 33. dxe5 O-O 34. Nd4 Qh2 35. Kb1 Qxe5 36. Nc6 Qxc3 37. Bxc3 Ne4
38. Bd4 Kh7 39. Ne7 Rad8 40. Rc1 Rd7 41. Ka2 Rfd8 42. Kb3 Ng5 43. Rh1 Ne6
44. Be5 h4 45. Rg1 g5 46. Ka2 Nc5 47. Bd4 Ne4 48. Rf1 Ng3 49. Rf2 Kh6 50.
Nc6 Rb7 51. Nb4 Rbd7 52. Nc6 Rc8 53. Ne5 Rb7 54. Nd3 Kh5 55. Kb1 g4 56.
Nf4+ Kg5 57. Nxd5 gxh3 58. Nf4 Kg4 59. Rh2 Rbc7 60. Nxh3 Rc1+ 61. Ka2 R8c2
62. Nf2+ Kh5 0-1

[Event "Najdorf Mem Open A"]
[Site "Warsaw POL"]
[Date "2010.07.21"]
[Round "5"]
[White "Jacek,K"]
[Black "Adamski,J"]
[Result "0-1"]
[WhiteElo "2055"]
[BlackElo "2287"]
[EventDate "2010.07.17"]

1. e4 c5 2. Nf3 e6 3. d4 cxd4 4. Nxd4 a6 5. Nc3 d6 6. Be2 Qc7 7. a4 b6 8.
O-O Bb7 9. f4 Nf6 10. Bf3 Nc6 11. Nb3 Be7 12. Be3 O-O 13. Qe2 Na5 14. Nxa5
bxa5 15. g4 Nd7 16. g5 Rfe8 17. Bg2 Rab8 18. Qf2 Ba8 19. Rab1 Bf8 20. Kh1
Rb4 21. Bd2 Nc5 22. Rfe1 Nxa4 23. Nxa4 Rxa4 24. Bc3 Rc4 25. f5 a4 26. f6 g6
27. Ra1 Rb8 28. Qg3 Rb5 29. h4 Bc6 30. Kh2 Rbc5 31. Ra3 a5 32. Re3 Bb7 33.
Kg1 Qb6 34. Qe1 d5 35. exd5 Bxd5 36. Kh1 Qc6 37. Re2 0-1

[Event "Najdorf Mem Open A"]
[Site "Warsaw POL"]
[Date "2010.07.21"]
[Round "5"]
[White "Lammens,Tim"]
[Black "Rademakers,E"]
[Result "1-0"]
[WhiteElo "2268"]
[BlackElo "2171"]
[EventDate "2010.07.17"]

1. Nf3 Nf6 2. g3 b6 3. Bg2 Bb7 4. c4 e6 5. b3 Be7 6. Bb2 O-O 7. O-O c5 8.
Nc3 d6 9. d3 Nbd7 10. e4 a6 11. Ne1 Qc7 12. f4 Bc6 13. g4 Rfd8 14. Nc2 b5
15. g5 Ne8 16. Ne3 Nb6 17. Qh5 b4 18. Ne2 g6 19. Qh4 d5 20. cxd5 exd5 21.
f5 Bf8 22. fxg6 fxg6 23. Nf4 Bg7 24. Ne6 Qe7 25. Nxg7 Nxg7 26. Ng4 Nh5 27.
Nh6+ 1-0

[Event "Najdorf Mem Open A"]
[Site "Warsaw POL"]
[Date "2010.07.21"]
[Round "5"]
[White "Pazderski,Z"]
[Black "Kaczmarek,M"]
[Result "1-0"]
[WhiteElo "2246"]
[BlackElo "2044"]
[EventDate "2010.07.17"]

1. d4 Nf6 2. Nf3 g6 3. c4 Bg7 4. Nc3 O-O 5. Bg5 c5 6. e3 cxd4 7. exd4 d6 8.
Be2 Bf5 9. h3 Ne4 10. Be3 Qa5 11. Qb3 Nxc3 12. bxc3 Nc6 13. O-O Qc7 14.
Rfd1 Na5 15. Qb4 Rac8 16. c5 dxc5 17. dxc5 Nc6 18. Qb3 e5 19. Rd6 Be6 20.
Rxe6 Na5 21. Qa4 fxe6 22. Ng5 b5 23. Bxb5 Rf6 24. Bd7 Rb8 25. Nxe6 Rxe6 26.
Bxe6+ Kh8 27. Rd1 Nc6 28. Rd7 Rb1+ 29. Kh2 Qc8 30. Rd6 1-0

[Event "Najdorf Mem Open A"]
[Site "Warsaw POL"]
[Date "2010.07.21"]
[Round "5"]
[White "Lewandowski,Ra"]
[Black "Bernotas,A"]
[Result "0-1"]
[WhiteElo "2240"]
[BlackElo "2059"]
[EventDate "2010.07.17"]

1. e4 c5 2. Nf3 d6 3. d4 cxd4 4. Nxd4 Nf6 5. Nc3 g6 6. Be3 Bg7 7. f3 O-O 8.
Qd2 Nc6 9. Bc4 Bd7 10. O-O-O Rb8 11. Bb3 Na5 12. h4 b5 13. Bh6 Bxh6 14.
Qxh6 e5 15. Nde2 b4 16. Nd5 Nxb3+ 17. cxb3 Nxd5 18. Rxd5 Be6 19. h5 Qc7+
20. Kb1 Bxd5 21. exd5 Rfc8 22. Ng3 f6 23. hxg6 Qc2+ 24. Ka1 Qxg6 25. Qh3
Rc7 26. Nf5 Kh8 27. Nxd6 Rd8 28. Qe6 Rcd7 29. Ne4 Rxd5 30. Kb1 R5d7 31. g4
Rd1+ 32. Rxd1 Rxd1+ 33. Kc2 Rd8 34. Qe7 Rc8+ 35. Kd3 Qg7 36. Qxb4 Rd8+ 37.
Ke2 Qd7 38. Kf2 f5 39. gxf5 Qxf5 40. Qe7 Rf8 41. Nd2 Qf4 42. Ke2 Rg8 43.
Kd1 h5 44. Qxa7 Rd8 45. Qa5 Qxf3+ 46. Kc1 Qd5 47. Qc3 Qxd2+ 48. Qxd2 Rxd2
49. Kxd2 h4 50. Ke3 h3 51. Kf2 e4 0-1

[Event "Najdorf Mem Open A"]
[Site "Warsaw POL"]
[Date "2010.07.21"]
[Round "5"]
[White "Suchocki,T"]
[Black "Skawinski,A"]
[Result "0-1"]
[WhiteElo "1978"]
[BlackElo "2233"]
[EventDate "2010.07.17"]

1. d4 d5 2. c4 c6 3. Nf3 Nf6 4. e3 Bg4 5. Qb3 Qb6 6. Nc3 e6 7. c5 Qc7 8.
Ne5 Bf5 9. Bd3 Nbd7 10. Bxf5 exf5 11. Nxd7 Qxd7 12. Bd2 g6 13. O-O-O Bg7
14. Kb1 O-O 15. Rc1 Ng4 16. f3 Nf6 17. Ne2 Rfe8 18. Rc3 Re7 19. h3 h5 20.
Nf4 Bh6 21. g3 Rae8 22. h4 Nh7 23. Qa4 Ra8 24. Qc2 Nf8 25. Ra3 Qc7 26. b4
Ne6 27. Rb3 Nxf4 28. gxf4 Qd7 29. Qd1 Bg7 30. Qg1 Bf6 31. Qg3 b6 32. Kc2
Qb7 33. Qf2 Qa6 34. Kb1 Rb7 35. Rc1 Be7 36. Be1 bxc5 37. dxc5 Bf6 38. Bc3
Bxc3 39. Rcxc3 Rab8 40. a3 Qa4 41. Rb2 a5 42. Qc2 Qb5 43. Qd3 axb4 44. Qxb5
Rxb5 45. Rxb4 Rxb4+ 46. axb4 Rxb4+ 47. Kc2 d4 0-1

[Event "Najdorf Mem Open A"]
[Site "Warsaw POL"]
[Date "2010.07.21"]
[Round "5"]
[White "Fuchs,Ju"]
[Black "Spicak,K"]
[Result "1-0"]
[WhiteElo "2232"]
[BlackElo "2026"]
[EventDate "2010.07.17"]

1. e4 e6 2. d4 b6 3. Bd3 Bb7 4. Nf3 h6 5. O-O c5 6. c3 Qc7 7. Re1 d6 8.
Nbd2 Nd7 9. Nf1 Ne7 10. Ng3 g6 11. Be3 O-O-O 12. a4 c4 13. Bc2 f5 14. Nd2
d5 15. exf5 exf5 16. Qf3 Ng8 17. Bf4 Bd6 18. Bxd6 Qxd6 19. b3 Ngf6 20. bxc4
dxc4 21. Nxc4 Qc7 22. Qd3 Nc5 23. Qf1 Nce4 24. Nxe4 fxe4 25. Bd1 Kb8 26.
Be2 Nd5 27. Rec1 Rhf8 28. a5 Rf6 29. axb6 axb6 30. Ne5 h5 31. Ba6 Ba8 32.
Bb5 Bb7 33. Ba6 Ba8 34. Bb5 Bb7 35. Qc4 Qd6 36. Qa4 Nf4 37. Rc2 Kc7 38.
Qc4+ Kb8 39. Qa4 Kc7 40. Qc4+ Kb8 41. Rca2 Nd3 42. Nc6+ Bxc6 43. Bxc6 Qxc6
44. Qxc6 Rxc6 45. Ra8+ Kc7 46. R1a7+ Kd6 47. Rxd8+ Ke6 48. d5+ 1-0

[Event "Najdorf Mem Open A"]
[Site "Warsaw POL"]
[Date "2010.07.21"]
[Round "5"]
[White "Czarnota,D"]
[Black "Goslawski,M"]
[Result "1-0"]
[WhiteElo "2214"]
[BlackElo "2018"]
[EventDate "2010.07.17"]

1. Nf3 Nf6 2. d4 e6 3. c4 b6 4. g3 Ba6 5. Qa4 Bb7 6. Bg2 c5 7. e3 Be7 8.
O-O O-O 9. Qc2 Qc8 10. Nbd2 cxd4 11. exd4 d5 12. b3 dxc4 13. bxc4 Rd8 14.
Bb2 b5 15. Rac1 bxc4 16. Nxc4 Be4 17. Qb3 Qa6 18. Rfe1 Nbd7 19. Rxe4 Nxe4
20. Nfe5 Nxe5 21. Nxe5 Rab8 22. Qf3 Ng5 23. Qc3 Rdc8 24. Nc6 Rxc6 25. Bxc6
h6 26. a4 Qb6 27. Ba1 Bf6 28. h4 Nh7 29. Be4 Nf8 30. a5 Qd6 31. Qc5 Rd8 32.
Qxa7 Bxd4 33. Bxd4 Qxd4 34. Qxd4 Rxd4 35. Bc6 Nd7 36. a6 Nb6 37. Rb1 1-0

[Event "Najdorf Mem Open A"]
[Site "Warsaw POL"]
[Date "2010.07.21"]
[Round "5"]
[White "Gamback,B"]
[Black "Kamieniecki,T"]
[Result "1/2-1/2"]
[WhiteElo "2192"]
[BlackElo "2016"]
[EventDate "2010.07.17"]

1. Nf3 Nf6 2. c4 g6 3. b4 Bg7 4. Bb2 O-O 5. e3 d6 6. Be2 e5 7. d3 Nbd7 8.
O-O c6 9. Nbd2 Re8 10. a4 d5 11. Qc2 h6 12. Rfd1 Qc7 13. Rac1 dxc4 14. Nxc4
Nd5 15. Qd2 N7b6 16. a5 Nxc4 17. dxc4 Ne7 18. b5 Be6 19. b6 axb6 20. axb6
Qxb6 21. Bxe5 Bxe5 22. Nxe5 Qa5 23. Qb2 Qa2 24. Rc2 Qxb2 25. Rxb2 Ra7 26.
Rdb1 Bc8 27. Bg4 f5 28. Be2 Rd8 29. f4 Kg7 30. Kf2 Kf6 31. Rd1 Rxd1 32.
Bxd1 Ra1 33. Bf3 Rc1 34. Ke2 Rc3 35. Kd2 Ra3 36. Be2 Ra4 37. Kc3 Ra3+ 38.
Kd4 Ra5 39. Nd3 b5 40. Ne5 bxc4 41. Bxc4 Ba6 42. Nd7+ Kg7 43. Bxa6 Rxa6 44.
Nc5 Ra3 45. Rb7 Kf6 46. Nd7+ Ke6 47. Nc5+ Kf6 48. Nd7+ Ke6 49. Nf8+ Kf6
1/2-1/2

[Event "Najdorf Mem Open A"]
[Site "Warsaw POL"]
[Date "2010.07.21"]
[Round "5"]
[White "Bugajski,R"]
[Black "Kuciel,W"]
[Result "0-1"]
[WhiteElo "2222"]
[BlackElo "2088"]
[EventDate "2010.07.17"]

1. Nf3 Nf6 2. c4 e6 3. g3 c5 4. Bg2 d5 5. O-O Nc6 6. d4 Ne4 7. Nc3 Be7 8.
cxd5 exd5 9. dxc5 Nxc3 10. bxc3 Bxc5 11. Qd3 Be6 12. Bf4 Qd7 13. Rfd1 Rd8
14. a4 f6 15. Qb5 Qe7 16. Nd4 Bxd4 17. cxd4 a6 18. Qb6 O-O 19. Bc1 Rfe8 20.
Ba3 Qf7 21. e3 Bf5 22. Rdc1 Be4 23. Bxe4 dxe4 24. Rc5 Rd7 25. Bb2 Qe6 26.
Rb1 Rd6 27. Qxb7 Rb8 28. d5 Rxb7 29. dxe6 Ne7 30. Rbc1 Rxe6 31. Bd4 Rd6 32.
Kg2 Kf7 33. g4 Rd5 34. Rxd5 Nxd5 35. Rc5 Nb4 36. Ra5 Rc7 37. Bc5 Nd3 38.
Bb6 Rc2 39. Rxa6 Rxf2+ 40. Kg1 Rd2 41. Ra7+ Kg6 42. h4 Ne5 43. h5+ Kh6 44.
Bc7 Nxg4 45. Bf4+ g5 46. hxg6 Kxg6 47. a5 Ra2 48. a6 h5 49. Ra8 h4 50. a7
Kg7 51. Re8 Rxa7 52. Kg2 Kf7 53. Rh8 Ra2+ 54. Kh3 Nxe3 55. Bxe3 Ra3 56. Kg4
Rxe3 57. Kf4 Re1 58. Rxh4 Ke6 59. Rh8 f5 60. Rh6+ Kd5 61. Kxf5 Rf1+ 62. Kg4
e3 0-1

[Event "Najdorf Mem Open A"]
[Site "Warsaw POL"]
[Date "2010.07.21"]
[Round "5"]
[White "Grochulski,G"]
[Black "Tscharotschkin,M"]
[Result "1-0"]
[WhiteElo "2045"]
[BlackElo "2201"]
[EventDate "2010.07.17"]

1. e4 e6 2. d4 d5 3. Nc3 Bb4 4. e5 c5 5. a3 Bxc3+ 6. bxc3 Ne7 7. h4 Qc7 8.
h5 h6 9. Ne2 Nbc6 10. f4 cxd4 11. cxd4 Bd7 12. a4 Na5 13. c3 Nc4 14. Ba3
Nf5 15. Rh3 Nfe3 16. Qd3 Nxf1 17. Kxf1 Bxa4 18. Rg3 Bb5 19. Bc1 Kf8 20. f5
exf5 21. Qxf5 Qd7 22. Qf3 Nb6 23. Ba3+ Kg8 24. Qf6 Rh7 25. Bc1 Qe6 26. Qf3
Kh8 27. Kg1 Bxe2 28. Qxe2 Nc4 29. Ba3 g5 30. hxg6 fxg6 31. Qc2 Rg8 32. Qa4
a6 33. Rf1 b5 34. Qb4 a5 35. Qc5 Rf7 36. Rxf7 Qxf7 37. Rf3 Qd7 38. Bc1 Kh7
39. Rf6 Re8 40. Rc6 Qg4 41. Rc7+ Kh8 42. Qa7 Qd1+ 43. Kh2 1-0

[Event "Najdorf Mem Open A"]
[Site "Warsaw POL"]
[Date "2010.07.21"]
[Round "5"]
[White "Zurkowski,A"]
[Black "Nowicki,B"]
[Result "1/2-1/2"]
[WhiteElo "2175"]
[BlackElo "2067"]
[EventDate "2010.07.17"]

1. d4 f5 2. g4 fxg4 3. h3 d5 4. Qd3 Nf6 5. hxg4 Bxg4 6. Bh3 Bxh3 7. Nxh3
Nc6 8. Ng5 Qd6 9. Nc3 a6 10. a3 e5 11. dxe5 Nxe5 12. Qh3 Qd7 13. Bf4 Qxh3
14. Rxh3 Bd6 15. Rd1 O-O 16. Bxe5 Bxe5 17. Nxd5 Nxd5 18. Rxd5 Bxb2 19. Nxh7
Rfd8 20. Rdh5 Rd6 21. Nf6+ Kf7 22. Ne4 Rc6 23. Rf3+ Ke7 24. Rhf5 Rxc2 25.
Rf7+ Ke6 26. Ng5+ Kd6 27. Rd3+ Kc6 28. Ne6 Kb6 29. Kf1 Re8 30. Rb3+ Ka7 31.
Nxc7 Rb8 32. Nd5 Be5 33. Re7 Bd6 34. Rd7 Bc5 35. Rxg7 Ra2 36. Rgg3 Rd8 37.
Rg7 Rb8 38. Ne7 Ka8 39. Rc3 Bd4 40. Rgg3 Bxc3 41. Rxc3 Re8 42. Re3 Rd2 43.
f4 Rd7 44. Nd5 Rxe3 45. Nxe3 b5 46. f5 Kb7 47. Ng4 a5 48. f6 Rf7 49. Ke1
Kc7 50. e4 Kd6 51. Kd2 Ke6 52. Kc3 Rc7+ 53. Kb3 Rc4 54. f7 Rc8 55. Nh6 Kf6
56. Nf5 Rd8 57. Nd6 Ke7 58. Nxb5 Kxf7 59. Ka4 Ra8 60. Nd4 Kf6 61. Nc6
1/2-1/2

[Event "Najdorf Mem Open A"]
[Site "Warsaw POL"]
[Date "2010.07.21"]
[Round "5"]
[White "Zakoscielna,K"]
[Black "Winski,L"]
[Result "0-1"]
[WhiteElo "2040"]
[BlackElo "2115"]
[EventDate "2010.07.17"]

1. e4 e6 2. d4 d5 3. Nd2 c5 4. exd5 exd5 5. Ngf3 Nc6 6. Bb5 Bd6 7. dxc5
Bxc5 8. O-O Nge7 9. Nb3 Bb6 10. c3 Bg4 11. Re1 O-O 12. Bg5 f6 13. Bf4 Ng6
14. Bg3 f5 15. h3 f4 16. Bh2 Bxf3 17. Qxf3 Nh4 18. Qg4 Bxf2+ 19. Kxf2 Qb6+
20. Nd4 Nxd4 21. cxd4 Qxd4+ 22. Kf1 Nf5 23. Re2 Ng3+ 24. Bxg3 fxg3+ 25. Ke1
Qg1+ 26. Kd2 Qxa1 27. Qd4 Rf1 28. Qxd5+ Kh8 29. Kc3 Rc8+ 30. Bc4 Qd1 31.
Rd2 Qa4 32. b3 Qe8 33. Qxb7 Rf2 34. Rd4 Qe1+ 0-1

[Event "Najdorf Mem Open A"]
[Site "Warsaw POL"]
[Date "2010.07.21"]
[Round "5"]
[White "Choroszej,A"]
[Black "Wisniowska,K"]
[Result "0-1"]
[WhiteElo "2095"]
[BlackElo "1999"]
[EventDate "2010.07.17"]

1. d4 Nf6 2. c4 g6 3. Nc3 Bg7 4. e4 d6 5. f4 O-O 6. Nf3 c5 7. d5 e6 8. Be2
exd5 9. cxd5 Bg4 10. O-O Nbd7 11. h3 Bxf3 12. Bxf3 Re8 13. a4 c4 14. Be3
Qa5 15. Bd4 Nc5 16. e5 dxe5 17. fxe5 Nfd7 18. e6 fxe6 19. Bxg7 Kxg7 20.
dxe6 Ne5 21. Bd5 Nxe6 22. Qe2 Qb6+ 23. Kh1 Nd4 24. Qf2 Nb3 25. Qxb6 axb6
26. Rad1 Nc5 27. Rd4 Red8 28. Re1 Ncd3 29. Re2 Ra5 30. Kh2 Nc6 31. Rxc4
Raxd5 32. Nxd5 Rxd5 33. Rc3 Nde5 34. Rb3 Nd4 35. Rxe5 Rxe5 36. Rxb6 Re7 37.
a5 Kf7 38. b4 Ne6 39. b5 Nc5 40. a6 bxa6 41. Rc6 axb5 42. Rxc5 Rb7 43. Rc3
b4 44. Rb3 Ke6 45. Kg3 Kd5 46. Kf3 Kc4 47. Rb1 Re7 48. Rc1+ Kb3 49. Rc8 Kb2
50. Rb8 b3 51. Rc8 Kb1 52. g4 b2 53. h4 Rb7 0-1

[Event "Najdorf Mem Open A"]
[Site "Warsaw POL"]
[Date "2010.07.21"]
[Round "5"]
[White "Lada,M"]
[Black "Bursa,R"]
[Result "1-0"]
[WhiteElo "2159"]
[BlackElo "2014"]
[EventDate "2010.07.17"]

1. d4 d5 2. c4 e6 3. g3 f5 4. Nf3 Nf6 5. Bg2 c6 6. O-O Bd6 7. b3 Qe7 8. a4
O-O 9. Ba3 Nbd7 10. Bxd6 Qxd6 11. c5 Qe7 12. Qc2 e5 13. e3 e4 14. Nfd2 Nh5
15. Nc3 Ndf6 16. b4 Ng4 17. Rfe1 Qg5 18. Nf1 Bd7 19. b5 Rae8 20. bxc6 bxc6
21. Rab1 Bc8 22. Rb8 f4 23. exf4 Nxf4 24. gxf4 Qxf4 25. Rb2 Ba6 26. Qd2 Qf7
27. Ne3 Qh5 28. Nxg4 Qxg4 29. Nd1 Rf3 30. Ne3 Qg6 31. Reb1 Bd3 32. Rc1 Ref8
33. Qe1 R3f4 34. Rc3 Qf6 35. Rcb3 Qxd4 36. Qa5 Rxf2 37. Rxf2 Qxe3 38. Qd2
Qxc5 39. Qb2 a6 40. Rb7 Rxf2 41. Qxg7+ 1-0

[Event "Najdorf Mem Open A"]
[Site "Warsaw POL"]
[Date "2010.07.21"]
[Round "5"]
[White "Hetzer,V"]
[Black "Gluszko,M"]
[Result "1/2-1/2"]
[WhiteElo "2063"]
[BlackElo "2004"]
[EventDate "2010.07.17"]

1. Nf3 Nf6 2. g3 g6 3. Bg2 Bg7 4. O-O O-O 5. d3 d5 6. Nbd2 c5 7. e4 Nc6 8.
Re1 e5 9. c3 h6 10. a3 a5 11. a4 Be6 12. exd5 Nxd5 13. Nc4 Qc7 14. Qe2 f6
15. Nh4 Kh7 16. f4 Rae8 17. f5 gxf5 18. Qh5 Qf7 19. Qxf7 Rxf7 20. Nd6 Rfe7
21. Nxe8 Rxe8 22. Bh3 Nde7 23. Be3 b6 24. Rf1 Rd8 25. Rad1 Bb3 26. Rd2 Bxa4
27. Nxf5 Nd5 28. Bf2 Bf8 29. Ne3 Nxe3 30. Bxe3 Kg7 31. Rdf2 Be7 32. Bf5 Bb3
33. Be4 Na7 34. Rd2 1/2-1/2

[Event "Najdorf Mem Open A"]
[Site "Warsaw POL"]
[Date "2010.07.21"]
[Round "5"]
[White "Borowicz,P"]
[Black "Krasiewicz,R"]
[Result "1-0"]
[WhiteElo "2001"]
[BlackElo "2053"]
[EventDate "2010.07.17"]

1. d4 f5 2. c4 g6 3. g3 Nf6 4. Bg2 Bg7 5. Nf3 d6 6. Nc3 O-O 7. O-O c6 8.
Re1 Nbd7 9. d5 Nc5 10. dxc6 bxc6 11. Nd4 Nce4 12. Nxe4 fxe4 13. Nxc6 Qc7
14. Nd4 Qxc4 15. Bg5 Bb7 16. Qb3 Qxb3 17. Nxb3 h6 18. Bxf6 Bxf6 19. Red1
Rab8 20. Rd2 e3 21. fxe3 Bg5 22. Rd3 Ba6 23. Rc3 Bxe2 24. h4 Bf6 25. Rc7 g5
26. Bd5+ Kh8 27. Re1 Bg4 28. hxg5 Bxg5 29. Rxa7 Rfc8 30. Ra4 h5 31. Rc4
Rxc4 32. Bxc4 Bf6 33. Rb1 Bf3 34. Nd2 Bc6 35. b3 Be5 36. Nf1 Kg7 37. Rd1
Kf6 38. Kf2 e6 39. Be2 Kg5 40. Rc1 Bd5 41. Nd2 Rf8+ 42. Bf3 Bb2 43. Rc2 Ba3
44. e4 Ba8 45. Kg2 h4 46. gxh4+ Kxh4 47. Rc7 Bb4 48. Nc4 Rg8+ 49. Kf2 Bc5+
50. Ke2 Kg3 51. a3 Bd4 52. Rf7 d5 53. exd5 exd5 54. Nd6 Bb2 55. Nf5+ 1-0